Central Library OPAC University of Rajshahi

Rogue's progress : (Record no. 20770)

MARC details
000 -LEADER
fixed length control field 00737nam a2200229 a 4500
001 - CONTROL NUMBER
control field 20770
003 - CONTROL NUMBER IDENTIFIER
rucl marc code BD-RjUL
005 - DATE AND TIME OF LATEST TRANSACTION
control field 20211209000617.0
008 - FIXED-LENGTH DATA ELEMENTS--GENERAL INFORMATION
fixed length control field 140302m19651964mau 000 0aeng d
035 ## - SYSTEM CONTROL NUMBER
System control number (BD-RjUL)20832
040 ## - CATALOGING SOURCE
Original cataloging agency XSC
Language of cataloging eng
Transcribing agency XSC
Modifying agency ABN:1
-- BD-RjUL
041 ## - LANGUAGE CODE
Language code of text/sound track or separate title eng
082 14 - DEWEY DECIMAL CLASSIFICATION NUMBER
Classification number 364.30924
Edition number 19
Author mark and year ALR 1965
100 1# - MAIN ENTRY--PERSONAL NAME
Personal name Alter, Robert
Dates associated with a name 1809-1861.
9 (RLIN) 64138
245 10 - TITLE STATEMENT
Title Rogue's progress :
Remainder of title studies in the picaresque novel /
Statement of responsibility, etc. Robert Alter,
260 ## - PUBLICATION, DISTRIBUTION, ETC. (IMPRINT)
Place of publication, distribution, etc. Boston :
Name of publisher, distributor, etc. Harvard university,
Date of publication, distribution, etc. c 1964,1965.
300 ## - PHYSICAL DESCRIPTION
Pagination xi, 148 p. :
Size 21 cm.
650 #0 - SUBJECT ADDED ENTRY--TOPICAL TERM
Topical term or geographic name as entry element Criminology
Geographic subdivision England
General subdivision Bibliography.
9 (RLIN) 64139
651 #0 - SUBJECT ADDED ENTRY--GEOGRAPHIC NAME
Geographic name England
General subdivision Social conditions
Chronological subdivision 19th century.
9 (RLIN) 64140
942 ## - ADDED ENTRY ELEMENTS (KOHA)
Source of classification or shelving scheme Dewey Decimal Classification
Koha item type Books
Holdings
Lost status Source of classification or shelving scheme Damaged status Not for loan Collection code Permanent Location Current Location Shelving location Date acquired Source of acquisition Cost, normal purchase price Total Checkouts Full call number Date last seen Copy number Koha item type
  Dewey Decimal Classification   Added to bundle Non-fiction Central Library, University of Rajshahi Central Library, University of Rajshahi Reading Room 05/11/1968 Zeitlinger 3.75   364.30924 ALR 1965 02/03/2014 C-1 Books